| 000 | 01450cam a22004097a 4500 | ||
|---|---|---|---|
| 003 | CHAP | ||
| 005 | 20220817043437.0 | ||
| 008 | 980511s1993 cr r 00010 spa d | ||
| 010 | _a75490 | ||
| 011 | _a76462 | ||
| 022 | _a1011-7741 | ||
| 035 | _a86047 | ||
| 040 | _cCHAP | ||
| 090 | _aFolleto 15037 | ||
| 100 | 0 | 0 |
_aPérez Salazar, Mauricio. _990007 |
| 245 | 1 | 0 |
_aCaracterización del comercio agrícola interamericano _c/por Mauricio Pérez Salazar y Jorge A. Torres Zorrilla |
| 260 |
_aSan José, C.R. : _bInstituto Interamericano de Cooperación para la Agricultura, _c1993. |
||
| 300 |
_a74 p. : _bgráfs. |
||
| 410 | 2 | 1 | _aIICA |
| 490 | 0 |
_aSerie documentos de programas _v; 41 |
|
| 590 |
_aBATCH-UPD _b10 _c20130109 _lUCH01 _h2310 |
||
| 590 |
_aBATCH-UPD _b10 _c20130110 _lUCH01 _h0541 |
||
| 590 |
_aBATCH-UPD _b10 _c20130110 _lUCH01 _h2300 |
||
| 590 |
_aBATCH-UPD _b10 _c20130410 _lUCH01 _h0221 |
||
| 590 |
_aBATCH-UPD _b10 _c20130914 _lUCH01 _h1016 |
||
| 590 |
_aCONVERSION _b10 _c20130109 _lUCH01 _h1341 |
||
| 650 | 0 | 4 |
_aComercio internacional. _925641 |
| 650 | 0 | 4 |
_aProductos agrícolas _xMercadeo _xE.U.A. _991966 |
| 650 | 0 | 4 |
_aProductos pecuarios _xMercadeo _xAmérica Latina. _992183 |
| 700 | 0 |
_aTorres Zorrilla, Jorge A. _9114277 |
|
| 810 | 0 | 0 |
_aIICA _957371 |
| 830 | 0 |
_aSerie documentos de programas _v; 41 |
|
| 901 | _aBK | ||
| 905 | _aLilia Sánchez G. | ||
| 942 | _cTESIS | ||
| 949 |
_aFolleto 15037 _bBC _cTES _d860471 _eTS1 _i86047 _sb |
||
| 999 |
_c75490 _d75490 |
||